[Event "SVK-chT 2122"]
[Site "Slovakia"]
[Date "2022.06.10"]
[Round "9.5"]
[White "Rucek, Kristian"]
[Black "Kopera, Michal"]
[Result "1-0"]
[WhiteElo "2012"]
[BlackElo "2148"]
[PlyCount "73"]
[EventDate "2021.10.23"]
[EventType "team-tourn"]
[EventRounds "11"]
[EventCountry "SVK"]
[SourceTitle "EXT 2023"]
[Source "ChessBase"]
[SourceDate "2022.10.05"]
[SourceVersion "1"]
[SourceVersionDate "2022.10.05"]
[SourceQuality "1"]
[WhiteTeam "Dubnica nad Vahom"]
[BlackTeam "Zilina Mladost"]
[WhiteTeamCountry "SVK"]
[BlackTeamCountry "SVK"]

1. d4 d5 2. c4 e6 3. Nf3 Nf6 4. Nc3 Be7 5. Bf4 0-0 6. e3 c5 7. dxc5 Bxc5 8. a3 Nc6 9. Qc2 Bd6 10. Bg5 dxc4 11. Bxc4 Ne5 12. Be2 h6 13. Bh4 Ng6 14. Bxf6 Qxf6 15. Ne4 Qf5 16. 0-0 Be7 17. Nd4 Qa5 18. Rac1 e5 19. Nb3 Qb6 20. Ned2 Be6 21. Nc4 Qc7 22. Bd3 Rac8 23. Qb1 Rfd8 24. Ncd2 Qb6 25. Bxg6 Bxb3 26. Bh7+ Kf8 27. Rxc8 Rxc8 28. Nxb3 Qxb3 29. Bf5 Rd8 30. Bc2 Qb5 31. b4 g6 32. g3 Rd2 33. Qc1 Qe2 34. Bb3 Qd3 35. Qc8+ Kg7 36. Bc4 Qxa3 37. Qe8 1-0

[Event "SVK-chT2C 2122"]
[Site "Slovakia"]
[Date "2022.05.01"]
[Round "11.2"]
[White "Valuska, Jan"]
[Black "Kopera, Michal"]
[Result "0-1"]
[WhiteElo "1898"]
[BlackElo "2127"]
[PlyCount "59"]
[EventDate "2021.10.16"]
[EventType "team-tourn"]
[EventRounds "11"]
[EventCountry "SVK"]
[SourceTitle "EXT 2023"]
[Source "ChessBase"]
[SourceDate "2022.10.05"]
[SourceVersion "1"]
[SourceVersionDate "2022.10.05"]
[SourceQuality "1"]
[WhiteTeam "Detva"]
[BlackTeam "Zilina Mladost II"]
[WhiteTeamCountry "SVK"]
[BlackTeamCountry "SVK"]

1. e4 e5 2. Nf3 Nc6 3. Bb5 a6 4. Bxc6 dxc6 5. Nc3 f6 6. d4 exd4 7. Qxd4 Qxd4 8. Nxd4 Bd7 9. Be3 Bb4 10. a3 Bxc3+ 11. bxc3 Ne7 12. Bf4 0-0-0 13. 0-0 c5 14. Nb3 b6 15. a4 a5 16. f3 Ng6 17. Bg3 Rhe8 18. Be1 f5 19. Nd2 fxe4 20. Nxe4 Bf5 21. Ng3 Bxc2 22. Rf2 Bxa4 23. Bd2 Bb3 24. h4 a4 25. h5 Ne5 26. Bg5 Rd3 27. Re2 Rd1+ 28. Rxd1 Bxd1 29. Re3 a3 30. c4 0-1

[Event "SVK-chT2C 2122"]
[Site "Slovakia"]
[Date "2022.03.27"]
[Round "9.2"]
[White "Kopera, Michal"]
[Black "Trgina, Daniel"]
[Result "1/2-1/2"]
[WhiteElo "2136"]
[BlackElo "2066"]
[PlyCount "92"]
[EventDate "2021.10.16"]
[EventType "team-tourn"]
[EventRounds "11"]
[EventCountry "SVK"]
[SourceTitle "EXT 2023"]
[Source "ChessBase"]
[SourceDate "2022.10.05"]
[SourceVersion "1"]
[SourceVersionDate "2022.10.05"]
[SourceQuality "1"]
[WhiteTeam "Zilina Mladost II"]
[BlackTeam "Banska Bystrica Kurta"]
[WhiteTeamCountry "SVK"]
[BlackTeamCountry "SVK"]

1. d4 Nf6 2. Nf3 g6 3. Bf4 Bg7 4. e3 0-0 5. Nbd2 d6 6. h3 Nbd7 7. Bc4 c5 8. c3 a6 9. a4 b6 10. 0-0 Bb7 11. Re1 Qc7 12. Rc1 Bc6 13. b4 Qb7 14. Bd3 e5 15. dxe5 dxe5 16. Nxe5 Nxe5 17. Bxe5 Bxg2 18. Bf1 Bxf1 19. Rxf1 Rad8 20. Qf3 Qd5 21. Qxd5 Rxd5 22. Nf3 Ne4 23. Bxg7 Kxg7 24. Kg2 Rfd8 25. c4 Rd3 26. bxc5 bxc5 27. Ne5 Ra3 28. Rfd1 Re8 29. Rd5 Ra2 30. Nd3 Re6 31. Kf3 Rxa4 32. Nxc5 Nxc5 33. Rxc5 Ra2 34. Kg3 Rf6 35. f4 Re6 36. Rc3 Rb6 37. f5 Rbb2 38. e4 Rc2 39. Rxc2 Rxc2 40. fxg6 hxg6 41. h4 a5 42. Rxa5 Rxc4 43. Kf3 Rc3+ 44. Kg4 Rc4 45. Kf3 Rc6 46. h5 Rf6+ 1/2-1/2

[Event "SVK-chT2C 1920"]
[Site "Slovakia"]
[Date "2019.11.16"]
[Round "3.4"]
[White "Kopera, Michal"]
[Black "Brnusak, Tomas"]
[Result "1/2-1/2"]
[WhiteElo "2156"]
[BlackElo "2042"]
[PlyCount "82"]
[EventDate "2019.10.26"]
[EventType "team-tourn"]
[EventRounds "11"]
[EventCountry "SVK"]
[SourceTitle "CBM 193 Extra"]
[Source "ChessBase"]
[SourceDate "2020.01.31"]
[SourceVersion "1"]
[SourceVersionDate "2020.01.31"]
[SourceQuality "1"]
[WhiteTeam "Zilina Mladost II"]
[BlackTeam "Liptov Chess School III"]
[WhiteTeamCountry "SVK"]
[BlackTeamCountry "SVK"]

1. e4 c5 2. Nf3 d6 3. d4 cxd4 4. Nxd4 Nf6 5. Nc3 a6 6. Be2 e5 7. Nf3 Be7 8. Bg5 Nbd7 9. 0-0 h6 10. Bxf6 Nxf6 11. Re1 Be6 12. Nd2 Rc8 13. Nf1 0-0 14. Ne3 b5 15. a3 Qb6 16. Rc1 Rc5 17. Ncd5 Bxd5 18. exd5 Rfc8 19. c3 Qb7 20. Qb3 g6 21. Rcd1 Nd7 22. a4 f5 23. axb5 axb5 24. Nc2 Nf6 25. Nb4 Kg7 26. Nc6 Nxd5 27. Nxe7 Nf4 28. Nxf5+ gxf5 29. Bf1 Qc6 30. Re3 Kf6 31. g3 Ne6 32. Red3 Rd8 33. Bg2 e4 34. Rd5 Rxd5 35. Rxd5 Nc7 36. Rxf5+ Kxf5 37. Qf7+ Ke5 38. Qh5+ Ke6 39. Qxh6+ Kd7 40. Bh3+ Ke7 41. Qg7+ Ke8 1/2-1/2

[Event "SVK-chT2C 1819"]
[Site "Slovakia"]
[Date "2019.02.03"]
[Round "7.4"]
[White "Murin, Pavol"]
[Black "Kopera, Michal"]
[Result "0-1"]
[WhiteElo "2012"]
[BlackElo "2152"]
[PlyCount "60"]
[EventDate "2018.10.13"]
[EventType "team-tourn"]
[EventRounds "11"]
[EventCountry "SVK"]
[SourceTitle "CBM 189 Extra"]
[Source "ChessBase"]
[SourceDate "2019.05.31"]
[SourceVersion "1"]
[SourceVersionDate "2019.05.31"]
[SourceQuality "1"]
[WhiteTeam "Bziny"]
[BlackTeam "Zilina Mladost II"]
[WhiteTeamCountry "SVK"]
[BlackTeamCountry "SVK"]

1. d4 d5 2. c4 e6 3. Nf3 Nf6 4. g3 Be7 5. Bg2 0-0 6. 0-0 dxc4 7. Qc2 c6 8. Qxc4 b5 9. Qc2 Bb7 10. Rd1 Qb6 11. Bg5 Nbd7 12. Bxf6 Bxf6 13. Nc3 c5 14. Ne4 cxd4 15. Nxf6+ Nxf6 16. Nxd4 Bxg2 17. Kxg2 Rac8 18. Qb3 Rc5 19. Qf3 h6 20. e3 Rfc8 21. a3 a5 22. Rd2 b4 23. axb4 Qxb4 24. Rad1 Rc1 25. Rxc1 Rxc1 26. Re2 Nd5 27. Qe4 Qb7 28. f3 Qa6 29. g4 a4 30. h4 a3 0-1

[Event "SVK-chT 1819"]
[Site "Slovakia"]
[Date "2018.12.08"]
[Round "3.6"]
[White "Kopera, Michal"]
[Black "Kantorik, Marian"]
[Result "0-1"]
[WhiteElo "2150"]
[BlackElo "2209"]
[PlyCount "100"]
[EventDate "2018.11.10"]
[EventType "team-tourn"]
[EventRounds "11"]
[EventCountry "SVK"]
[SourceTitle "CBM 187 Extra"]
[Source "ChessBase"]
[SourceDate "2018.11.04"]
[SourceVersion "1"]
[SourceVersionDate "2018.11.04"]
[SourceQuality "1"]
[WhiteTeam "Zilina Mladost"]
[BlackTeam "Dunajov Inbest"]
[WhiteTeamCountry "SVK"]
[BlackTeamCountry "SVK"]

1. e4 d6 2. d4 Nf6 3. Nc3 e5 4. dxe5 dxe5 5. Qxd8+ Kxd8 6. Nf3 Nbd7 7. Bc4 Bb4 8. Bd2 Rf8 9. 0-0 Bxc3 10. Bxc3 Nxe4 11. Bxe5 Nxe5 12. Nxe5 Nd6 13. Rad1 Be6 14. Bxe6 fxe6 15. c4 Ke7 16. c5 Nf7 17. Rfe1 Nxe5 18. Rxe5 Rad8 19. Rde1 Rf6 20. b4 Rd2 21. a3 Rdxf2 22. Rxe6+ Rxe6 23. Kxf2 Rxe1 24. Kxe1 Ke6 25. Ke2 Kd5 26. Kd3 a5 27. Kc3 g6 28. Kb3 g5 29. g4 axb4 30. axb4 Kd4 31. Ka4 Kc4 32. Ka3 Kd5 33. Ka4 Ke4 34. Kb5 Kd5 35. Ka4 Kc4 36. Ka3 c6 37. Ka4 Kc3 38. Ka3 Kc2 39. Ka2 Kc3 40. Ka3 Kc2 41. Ka2 h6 42. h3 Kd3 43. Kb3 Kd4 44. Ka4 Kc4 45. Ka3 Kc3 46. Ka4 Kb2 47. b5 Kc3 48. Ka5 Kc4 49. bxc6 bxc6 50. Kb6 Kd5 0-1

[Event "SVK-chT2C 1819"]
[Site "Slovakia"]
[Date "2018.11.18"]
[Round "4.3"]
[White "Kopera, Michal"]
[Black "Gyerpal, Adrian"]
[Result "1/2-1/2"]
[WhiteElo "2150"]
[BlackElo "1978"]
[PlyCount "51"]
[EventDate "2018.10.13"]
[EventType "team-tourn"]
[EventRounds "11"]
[EventCountry "SVK"]
[SourceTitle "CBM 187 Extra"]
[Source "ChessBase"]
[SourceDate "2018.11.04"]
[SourceVersion "1"]
[SourceVersionDate "2018.11.04"]
[SourceQuality "1"]
[WhiteTeam "Zilina Mladost II"]
[BlackTeam "Zvolen Slavia"]
[WhiteTeamCountry "SVK"]
[BlackTeamCountry "SVK"]

1. e4 c5 2. Nf3 Nc6 3. d4 cxd4 4. Nxd4 g6 5. c4 Bg7 6. Nxc6 bxc6 7. Nc3 Rb8 8. Be2 d6 9. 0-0 Nf6 10. Qc2 0-0 11. Be3 Qc7 12. Rad1 Ng4 13. Bf4 Ne5 14. c5 dxc5 15. Na4 Nf3+ 16. Bxf3 Qxf4 17. Be2 Bd4 18. b3 Qe5 19. Rc1 Rd8 20. Nxc5 Bxc5 21. Qxc5 Qxc5 22. Rxc5 Rd2 23. Bc4 Rxa2 24. Rxc6 Be6 25. Bxe6 fxe6 26. Rxe6 1/2-1/2

[Event "SVK-chT1E 1718"]
[Site "Slovakia"]
[Date "2018.03.10"]
[Round "10.4"]
[White "Andras, Tomas"]
[Black "Kopera, Michal"]
[Result "0-1"]
[WhiteElo "2100"]
[BlackElo "2163"]
[PlyCount "56"]
[EventDate "2017.10.21"]
[EventType "team-tourn"]
[EventRounds "11"]
[EventCountry "SVK"]
[SourceTitle "EXT 2019"]
[Source "ChessBase"]
[SourceDate "2018.10.10"]
[SourceVersion "1"]
[SourceVersionDate "2018.10.10"]
[SourceQuality "1"]
[WhiteTeam "Kezmarok"]
[BlackTeam "Zilina Mladost"]
[WhiteTeamCountry "SVK"]
[BlackTeamCountry "SVK"]

1. e4 e5 2. Nf3 Nc6 3. d4 exd4 4. c3 d3 5. Bxd3 d6 6. 0-0 Nf6 7. Bf4 Be7 8. Nbd2 0-0 9. Qc2 Nh5 10. Be3 Ne5 11. Nxe5 dxe5 12. Nc4 Bd6 13. g3 Bh3 14. f4 Bxf1 15. Rxf1 exf4 16. gxf4 Bxf4 17. Qe2 Qg5+ 18. Kh1 Bxe3 19. Qxe3 Qxe3 20. Nxe3 Rad8 21. Bc4 g6 22. Ng4 Kg7 23. e5 f5 24. Ne3 Rfe8 25. e6 b5 26. Bb3 c5 27. Nxf5+ gxf5 28. Rxf5 c4 0-1

[Event "SVK-chT1E 1718"]
[Site "Slovakia"]
[Date "2017.12.02"]
[Round "5.6"]
[White "Miciak, Maros"]
[Black "Kopera, Michal"]
[Result "0-1"]
[WhiteElo "2152"]
[BlackElo "2108"]
[PlyCount "88"]
[EventDate "2017.10.21"]
[EventType "team-tourn"]
[EventRounds "11"]
[EventCountry "SVK"]
[SourceTitle "EXT 2019"]
[Source "ChessBase"]
[SourceDate "2018.10.10"]
[SourceVersion "1"]
[SourceVersionDate "2018.10.10"]
[SourceQuality "1"]
[WhiteTeam "Kysucke Nove Mesto"]
[BlackTeam "Zilina Mladost"]
[WhiteTeamCountry "SVK"]
[BlackTeamCountry "SVK"]

1. e4 e5 2. Nf3 Nc6 3. Bc4 Be7 4. c3 Nf6 5. d4 d6 6. Be3 exd4 7. Nxd4 Ne5 8. Be2 Nxe4 9. f4 Ng6 10. 0-0 0-0 11. Bd3 Nf6 12. h3 Re8 13. Nd2 Nd5 14. Qf3 Nxe3 15. Qxe3 c5 16. Nf5 Bxf5 17. Bxf5 d5 18. Nb3 b6 19. Rad1 Bd6 20. Qg3 Qc7 21. Bxg6 hxg6 22. Rxd5 Rad8 23. Qf3 Qe7 24. Kh1 Bb8 25. Rxd8 Rxd8 26. Rf2 Qe1+ 27. Rf1 Qe8 28. Qf2 Qd7 29. Re1 Qd6 30. Qh4 Bc7 31. Rf1 Re8 32. Qg4 Re4 33. g3 Re3 34. Kh2 f5 35. Qd1 Qe6 36. Nc1 g5 37. Qd2 gxf4 38. gxf4 Qe4 39. Kg1 Rg3+ 40. Kh2 Re3 41. Kg1 Bxf4 42. Qd8+ Kf7 43. Rxf4 Qxf4 44. Qc7+ Qxc7 0-1

[Event "SVK-chT1E 1617"]
[Site "Slovakia"]
[Date "2017.03.19"]
[Round "11.6"]
[White "Ferkova, Dominika"]
[Black "Kopera, Michal"]
[Result "1/2-1/2"]
[WhiteElo "1917"]
[BlackElo "2119"]
[PlyCount "55"]
[EventDate "2016.10.15"]
[EventType "team-tourn"]
[EventRounds "11"]
[EventCountry "SVK"]
[SourceTitle "EXT 2019"]
[Source "ChessBase"]
[SourceDate "2018.10.10"]
[SourceVersion "1"]
[SourceVersionDate "2018.10.10"]
[SourceQuality "1"]
[WhiteTeam "Bardejov"]
[BlackTeam "Zilina Mladost"]
[WhiteTeamCountry "SVK"]
[BlackTeamCountry "SVK"]

1. d4 d5 2. c4 e6 3. Nc3 Nf6 4. Nf3 Be7 5. Bg5 0-0 6. e3 h6 7. Bh4 Nbd7 8. Bd3 b6 9. 0-0 Bb7 10. Rc1 dxc4 11. Bxc4 c5 12. dxc5 Nxc5 13. Qe2 Nd5 14. Bxe7 Nxc3 15. Bxd8 Nxe2+ 16. Bxe2 Rfxd8 17. Rfd1 Bd5 18. b3 a5 19. h3 Rac8 20. Ne5 a4 21. Nc4 Nd7 22. Bf3 Bxf3 23. gxf3 axb3 24. axb3 Nc5 25. Nxb6 Rxd1+ 26. Rxd1 Rb8 27. b4 Na6 28. b5 1/2-1/2

[Event "SVK-chT2C 1617"]
[Site "Slovakia"]
[Date "2017.03.11"]
[Round "10.2"]
[White "Kopera, Michal"]
[Black "Milcova, Zuzana"]
[Result "1/2-1/2"]
[WhiteElo "2110"]
[BlackElo "2017"]
[PlyCount "74"]
[EventDate "2016.10.08"]
[EventType "team-tourn"]
[EventRounds "11"]
[EventCountry "SVK"]
[SourceTitle "EXT 2018"]
[Source "ChessBase"]
[SourceDate "2017.10.13"]
[SourceVersion "1"]
[SourceVersionDate "2017.10.13"]
[SourceQuality "1"]
[WhiteTeam "Zilina Mladost II"]
[BlackTeam "Martin Medea"]
[WhiteTeamCountry "SVK"]
[BlackTeamCountry "SVK"]

1. e4 d5 2. exd5 Qxd5 3. Nc3 Qd6 4. d4 Nf6 5. Nf3 Bg4 6. Be2 c6 7. 0-0 e6 8. h3 Bxf3 9. Bxf3 Be7 10. Ne4 Nxe4 11. Bxe4 Nd7 12. a4 Nf6 13. Bf3 Rd8 14. c3 0-0 15. Qb3 Rd7 16. Bg5 Nd5 17. Bxe7 Qxe7 18. Bxd5 Rxd5 19. Rfe1 Rfd8 20. Qc2 c5 21. dxc5 Rd2 22. Qe4 Rxb2 23. Rab1 Rdd2 24. Rxb2 Rxb2 25. Rb1 f5 26. Qd3 Rxb1+ 27. Qxb1 Qc7 28. Qb4 Kf7 29. Qd4 a6 30. f4 Qc6 31. Kf2 h6 32. g4 fxg4 33. hxg4 Qh1 34. Qd7+ Kf6 35. Qd4+ Kf7 36. Qd7+ Kf6 37. Qd4+ Kf7 1/2-1/2